000 01144cam a22002894a 4500
999 _c41597
_d41597
001 12495090
003 OSt
005 20221007093812.0
008 010806s2001 flua b 001 0 eng
010 _a 2001043357
020 _a0849312191 (alk. paper)
040 _aDLC
_cDLC
_dDLC
042 _apcc
050 0 0 _aTP434
_b.C47 2001
082 0 0 _a664.7
_221
_bOWE/C
245 0 0 _aCereals processing technology /
_cedited by Gavin Owens.
260 _aBoca Raton, FL :
_bCRC Press ;
_aCambridge, England :
_bWoodhead Pub.,
_c2001.
300 _ax, 238 p. :
_bill. ;
_c24 cm.
440 0 _aWoodhead Publishing in food science and technology
504 _aIncludes bibliographical references and index.
650 0 _aCereal products.
700 1 _aOwens, Gavin
_99168
856 4 2 _3Publisher description
_uhttp://www.loc.gov/catdir/enhancements/fy0646/2001043357-d.html
906 _a7
_bcbc
_corignew
_d1
_eocip
_f20
_gy-gencatlg
942 _2ddc
_cBK
_h664.7
_iOWE/C
_k664.7
_mOWE/C